Wszystkie postacie z brawl stars 22.07.23 - Statystyki

Ogólne statystyki
  • Ten quiz został rozwiązany 722 razy
  • Średni wynik to 43 z 70
Statystyki odpowiedzi
Rzadkość Odpowiedz % Poprawnych
Rzadki Colt
89%
Legendarny Leon
88%
Rzadki Nita
88%
Rzadki Shelly
88%
Rzadki El Primo
85%
Legendarny Spike
84%
Rzadki Bull
83%
Legendarny Kruk
82%
Rzadki Rosa
81%
Mityczny Mortis
80%
Rzadki Barley
79%
Rzadki Brock
78%
Rzadki Poco
78%
Epicki Bo
75%
Epicki Edgar
74%
Bardzo Rzadki Jessie
74%
Legendarny Sandy
74%
Epicki Frank
73%
Mityczny Tara
72%
Legendarny Amber
71%
Bardzo Rzadki Darryl
71%
Bardzo Rzadki Dynamike
71%
Bardzo Rzadki Penny
71%
Epicki Emz
70%
Epicki Piper
70%
Chromatyczny Surge
70%
Bardzo Rzadki 8-Bit
69%
Epicki Bibi
69%
Legendarny Meg
69%
Bardzo Rzadki Rico
69%
Bardzo Rzadki Tick
68%
Epicki Pam
67%
Bardzo Rzadki Carl
66%
Chromatyczny Gale
65%
Bardzo Rzadki Jacky
63%
Mityczny Gene
62%
Legendarny Chester
61%
Epicki Bea
60%
Bardzo Rzadki Gus
60%
Chromatyczny Kieł
60%
Epicki Stu
60%
Chromatyczny Mandy
56%
Chromatyczny Buzz
55%
Chromatyczny Colette
54%
Chromatyczny Cordelius
53%
Chromatyczny Lou
53%
Mityczny Maks
53%
Epicki Nani
52%
Mityczny Pan P
50%
Chromatyczny Sam
50%
Epicki Hank
49%
Mityczny Kiełek
48%
Chromatyczny Ash
47%
Chromatyczny Lola
47%
Chromatyczny Belle
46%
Epicki Grom
46%
Epicki Griff
45%
Chromatyczny Ruffs
44%
Epicki Bonnie
43%
Chromatyczny Janet
43%
Chromatyczny Otis
42%
Mityczny Byron
41%
Chromatyczny R-T
41%
Chromatyczny Buster
40%
Mityczny Willow
40%
Mityczny Squeak
39%
Mityczny Doug
38%
Chromatyczny Eve
38%
Mityczny Gray
38%
Chromatyczny Maisie
36%
Nie znaleziono quizów pasujących do podanych kryteriów
Rozkład punktacji
Procent ludzi z każdym wynikiem
Percentyl według liczby udzielonych odpowiedzi
Twoja historia wyników
Nie rozwiązałeś tego quizu